| 000 | 01004 a2200217 4500 | ||
|---|---|---|---|
| 003 | Nust | ||
| 005 | 20221222124206.0 | ||
| 010 | _a 95019330 | ||
| 020 | _a0312128290 (cloth) | ||
| 020 | _a0333649443 (cloth) | ||
| 040 | _cNust | ||
| 082 | 0 | 0 | _a327.73,ABE |
| 100 | 1 |
_aAbelson, Donald E. _9105667 |
|
| 245 | 1 | 0 |
_aAmerican think-tanks and their role in US foreign policy / _cDonald E. Abelson. |
| 260 |
_aHoundmills, Basingstoke, Hampshire : _bMacmillan Press ; _aNew York : _bSt. Martin's Press, _c1996. |
||
| 300 |
_axii, 208 p. ; _c23 cm |
||
| 505 | _aIntroduction (Page-1), Think Tanks In American Politics (Page-23), Networks Of Influence (Page-65), A New Channel Of Influence (Page-81), Think Tanks And US Foreign Policy (Page-91), Think Tanks And Models Of Decision Making (Page-103), Conclusion (Page-119). | ||
| 650 | 0 |
_aResearch institutes _zUnited States _xHistory _y20th century. _9105668 |
|
| 651 | 0 |
_aUnited States _xForeign relations _y20th century. _9105669 |
|
| 942 |
_2ddc _cBK _k327.73,ABE |
||
| 999 |
_c184246 _d184246 |
||